The Mentalist-Trivia Quiz - Statistics

General Stats
  • This quiz has been taken 414 times
  • The average score is 10 of 50
Answer Stats
Hint: Answer: % Correct
Who is the main serial killer? Red John
90%
Who portrays Jane? Simon Baker
81%
What colour suits does Jane usually wear? Blue
54%
What is Jane's favourite drink? Tea
46%
How many kids does Abbott have? 2
43%
What is the name of Rigsby's son? Ben
42%
What was Jane's daughters name? Charlotte
42%
What is Jane's current job? Consultant
42%
David Seung was once part of Cho's old...? Gang
37%
Who is the leader of Visualise? Bret Stiles
33%
Who portrays Grace? Amanda Righetti
27%
Who is the creator of The Mentalist? Bruno Heller
27%
What did kids used to call Cho? Cho
27%
Name the organisation founded and lead by Red John Blake Association
26%
What is Jane's favourite breakfast food? Eggs
25%
What is the name of the last episode? White Orchids
23%
What does CBI stand for? California Bureau Investigation
22%
Who is Benjamin Rigsby's mother? Sarah
20%
Who portrays Rigsby? Owain Yeoman
19%
What case closed food did Jane bring the team at the end of 'Pilot'? Donuts
17%
What is the signal to let others who are part of Red John's Friends know you're one of them too? Tyger Tyger
17%
What is Wylie's first name? Jason
16%
Van Pelt is the...in the team Rookie
14%
Name the short agent on Haffner's team Tork
14%
Who's team was all murdered? Bosco's
13%
Who is 'Red John' Sheriff McAllister
13%
What did Jane's wife and child smell like when they were murdered? Strawberries and cream
13%
What was Jane's wife's full name? Angela Ruskin Jane
11%
What word was carved into Gabriel Osbourne's arm? FAKE
11%
Which main criminal got their thumb cut off? Richard Haibach
11%
Who does Josie Loren play? Michelle Vega
10%
What are Lisbon's brother's names?(Alphabetically) Jimmy, Stan, Tommy
9%
Who in Abbott's team transferred to a different unit? Kim Fischer
8%
What is Danny's proffesion? Con man
7%
Name Jane's father's name Alex
6%
Who did Jane hire to break into LaRoche's safe? Donny Culpepper
6%
Name Van Pelt's 'psychic' cousin Yolanda
6%
What did Roy Carmen do to Lisbon's coffee every session? Drugged it
5%
What is in the poisonous tea that Jane drank(Season 5 Episode 2)? Belladonna Leaves
4%
Name the former agent that Grace replaced Hannigan
4%
Name season 1 episode 2 Red Hair and Silver Tape
4%
What did kids used to call Van Pelt? Bracey Gracie
3%
What is Danny Ruskin to Jane? His brother in law
3%
Finish the sentence 'Try these on for...'(Season 4 episode 2) Lifts
3%
What does one of Red John's friends accidentally give away about who Red John is? They've met
3%
Name the season and episode 'Every Rose Has It's Thorn' is in(season×episode) 3×19
2%
What type of car does Jane drive? Citroën DS 21 Pallas
2%
Who was Sophie Miller to Patrick? His Psychiartrist
2%
What does SJK stand for? San Joanqin Killer
2%
What is Karen Cross' profession? Tv Reporter
2%
No matching quizzes found
Score Distribution
Percent of People with Each Score
Percentile by Number Answered
Your Score History
You have not taken this quiz